|
|
|
|
| LEADER |
01301nam a2200253 a 4500 |
| 001 |
GR-Antirio1179 |
| 008 |
150714s2005 nju g b 001 0 eng d |
| 020 |
|
|
|a 0321349962
|
| 040 |
|
|
|a GrPaTEI
|b gre
|c GR-PaULI
|
| 040 |
|
|
|a GrPaTEI
|b gre
|c GR-PaULI
|
| 082 |
|
0 |
|a 005.8
|2 22nd ed
|
| 100 |
1 |
|
|a Bejtlich, Richard
|
| 245 |
1 |
0 |
|a Extrusion detection :
|b security monitoring for internal intrusions /
|c Richard Bejtlich.
|
| 260 |
|
|
|a Upper Saddle River, NJ :
|b Addison-Wesley,
|c 2005
|
| 300 |
|
|
|a xxviii, 385 σ. :
|b εικ.
|
| 504 |
|
|
|a Περιλαμβάνει βιβλιογραφίες και ευρετήριο.
|
| 650 |
|
0 |
|a Computer networks
|x Security measures
|
| 650 |
|
0 |
|a Electronic countermeasures
|
| 650 |
|
4 |
|a Δίκτυα υπολογιστών
|x Μέτρα ασφαλείας
|
| 942 |
|
|
|2 ddc
|
| 952 |
|
|
|0 0
|1 0
|2 ddc
|4 0
|6 005_800000000000000_BEJ
|7 0
|9 263222
|a LISK-2
|b LISK-2
|c BSC
|d 2021-01-17
|e 24
|f 0
|g 0.00
|l 0
|o 005.8 BEJ
|p 2430000008688
|r 2021-01-17 00:00:00
|t 1
|w 2021-01-17
|y BK15
|x 20150714 0 A.I. 1
|x GrPaTEI - Antirrio
|
| 952 |
|
|
|0 0
|1 0
|2 ddc
|4 0
|6 005_800000000000000_BEJ
|7 0
|9 263223
|a LISK-2
|b LISK-2
|c BSC
|d 2021-01-17
|e 24
|f 0
|g 0.00
|l 0
|o 005.8 BEJ
|p 2430000008689
|r 2021-01-17 00:00:00
|t 1
|w 2021-01-17
|y BK15
|x 20150714 0 A.I. 1
|x GrPaTEI - Antirrio
|
| 971 |
|
|
|a .b25709781
|b 01-10-20
|c 12-09-16
|
| 999 |
|
|
|c 151497
|d 151497
|